00397nam a2200133Ia 4500008004100000082001500041100002300056245002700079260002000106600001500126942000700141952009800148999001700246241002s9999 xx 000 0 und d a808.84 THR aThruelsen, Richard 0aAdventures of the Mind aNew York:c1961 aLiterature cUC 00104070aUITUbUITUd1994-01-01l0o808.84 THRpUC462r2024-10-02 09:31:21w2024-10-02yUC c18789d18789